书目信息 |
| 题名: |
超越CSS
|
|
| 作者: | 克拉克 , 英)Andy Clarke 著 ;谭振林 译 | |
| 分册: | ||
| 出版信息: | 北京 人民邮电出版社 2008 |
|
| 页数: | 357页 | |
| 开本: | 23cm | |
| 丛书名: | ||
| 单 册: | ||
| 中图分类: | TP393.092 | |
| 科图分类: | ||
| 主题词: | 网页--wang ye--制作--软件工具 | |
| 电子资源: | ||
| ISBN: | 978-7-115-16928-0 | |
| 000 | 01015nam0 2200265 450 | |
| 001 | 003696527 | |
| 005 | 20080909162717.45 | |
| 010 | @a978-7-115-16928-0@dCNY69.00 | |
| 100 | @a20080102d2008 em y0chiy50 ea | |
| 101 | 1 | @achi@ceng |
| 102 | @aCN@b110000 | |
| 105 | @aa z 000yy | |
| 200 | 1 | @a超越CSS@Achao yue CSS@eWeb设计艺术精髓@d= Transcending CSS:the fine art of Web design@f英)Andy Clarke著@Fying)Andy Clarke zhu@g谭振林等译@zeng |
| 210 | @a北京@c人民邮电出版社@d2008 | |
| 215 | @a357页@c图@d23cm | |
| 330 | @a本书阐述了网站的设计与实现,帮助读者从设计的角度来使用CSS以达到完美的效果。 | |
| 510 | 1 | @aTranscending CSS : the fine art of Web design@zeng |
| 517 | 1 | @aWeb设计艺术精髓@AWeb she ji yi shu jing sui |
| 606 | 0 | @a网页@Awang ye@x制作@x软件工具 |
| 690 | @aTP393.092@v4 | |
| 701 | 1 | @a克拉克@Ake la ke,@bA.@g(Clarke, Andy)@4著 |
| 701 | 0 | @a英)Andy Clarke@Aying)Andy Clarke@4著 |
| 702 | 0 | @a谭振林@Atan zhen lin@4译 |
| 801 | @aCN 110017 20080103@c20080909 | |
| 905 | @dTP393.092@eY622 | |
| 超越CSS:Web设计艺术精髓= Transcending CSS:the fine art of Web design/英)Andy Clarke著/谭振林等译.-北京:人民邮电出版社,2008 |
| 357页:图;23cm |
| ISBN 978-7-115-16928-0:CNY69.00 |
| 本书阐述了网站的设计与实现,帮助读者从设计的角度来使用CSS以达到完美的效果。 |
| ● |
| 相关链接 |
|
|
|
正题名:超越CSS
索取号:TP393.092/Y622
 
预约/预借
| 序号 | 登录号 | 条形码 | 馆藏地/架位号 | 状态 | 备注 |
| 1 | 677248 | 206772483 | 自科库301/301自科库 130排1列2层/ [索取号:TP393.092/Y622] | 在馆 | |
| 2 | 677249 | 206772492 | 自科库301/301自科库 130排1列2层/ [索取号:TP393.092/Y622] | 在馆 | |
| 3 | 677250 | 206772508 | 自科库301/404自科库 19排2列1层/ [索取号:TP393.092/Y622] | 在馆 |